000
00277nam a2200121Ia 4500
008
191201s2010 xx 000 0 und d
100
_a
SIKDHAR, Soumyen
245
0
_a
Principles of Macroeconomics
260
_b
Oxford
_c
2010
300
_a
181
650
_a
BBA
942
_2
ddc
_c
BK
999
_c
7130
_d
7130